Sermon que predicó Gonzalo Sanchez Lucero en la fiesta que hizo la inclita ciudad de Granada, en el Collegio de S. Pablo de la Compañia de Jesus a la solemnidad de la beatificacion del glorioso San Ignacio, fundador y patriarcha de la dicha sagrada religion, en 20 de febrero, deste año de 610

Detalles Bibliográficos
Autor principal: Sánchez Lucero, Gonzalo
Formato: Libro
Lenguaje:Undetermined
Spanish
Publicado: Sevilla : en la imprenta de Luys Estupiñan, 1610.
Materias:
Colección:Banco de datos
Acervo:Biblioteca Palafoxiana. Colección bibliográfica
Descripción Física:21 h. ; 4°
Tema general:Homilética
Notas:Marca de fuego: Colegio de San Juan. Número de localización: 15447-C Encuadernado con 21 obras
LEADER 00843nam a2200169Ia 4500
008 150723s9999 xx 000 0 und d
041 0 |a spa 
050 0 |a PAFX BV4207 C3 
100 1 |a Sánchez Lucero, Gonzalo 
245 1 0 |a Sermon que predicó Gonzalo Sanchez Lucero en la fiesta que hizo la inclita ciudad de Granada, en el Collegio de S. Pablo de la Compañia de Jesus a la solemnidad de la beatificacion del glorioso San Ignacio, fundador y patriarcha de la dicha sagrada religion, en 20 de febrero, deste año de 610 
260 |a Sevilla : en la imprenta de Luys Estupiñan, 1610. 
300 |a 21 h. ; 4° 
500 |a Marca de fuego: Colegio de San Juan. Número de localización: 15447-C Encuadernado con 21 obras 
650 1 0 |a Homilética 
942 |c PALALIB 
943 |g Biblioteca Palafoxiana. Colección bibliográfica 
999 |c 1054385  |d 1054385